00958nam a2200253 a 450000100060000000300080000600500170001400800410003102000150007202000150008703500190010204000350012104100080015608200290016410000300019324500820022326000620030530000270036765000650039465000830045994200120054299900170055495201330057159992BD-RjUL20211209080807.0161228s1996 nyu 000 0deng  a0465086691 a0060977205 a(BD-RjUL)60116 aBD-RjULcBD-RjULdBD-RjULbeng aeng00a362.820973223bRUT 19971 aRubin, Lillian B.917848014aThe transcendent child :btales of triumph over the past /cLillian B. Rubin. aNew York, NY :bHarper perennial,cc1996 [reprinted 1997] aviii, 229 p. ;c22 cm. 0aDysfunctional familieszUnited StatesvCase studies.9178481 0aAdult children of dysfunctional familieszUnited StatesvCase studies.9178482 2ddccBK c59992d59992 00102ddc40718NFICaRUCLbRUCLcReadingd1998-09-15eUnicefl0o362.820973 RUT 1997r2016-12-28 00:00:00tC-1w2016-12-28yBK